| 000 | 00624nam a22001937a 4500 | ||
|---|---|---|---|
| 003 | OSt | ||
| 005 | 20260422070739.0 | ||
| 008 | 260422b |||||||| |||| 00| 0 eng d | ||
| 020 | _a9715100279 | ||
| 040 |
_aDWCL Main Lib. _cOC |
||
| 082 | _a268 V714 c1988. | ||
| 100 | _aGrelot, Pierre | ||
| 245 |
_aThe old testament as a christian book: _ba study of three catholic biblical schools/ _cPierre Grelot |
||
| 260 |
_aManila: _bDivine Word Publications Inc., _cc1988. |
||
| 300 |
_a250 pages, _billustrations: _c22 cm. |
||
| 700 | _aJohn L. Mckenzie | ||
| 700 | _aSchokel, Luis Alonso | ||
| 942 |
_2ddc _cBK - FIL _hFil. _n0 |
||
| 999 |
_c9709 _d9709 |
||